000 00555nam a2200229Ia 4500
003 OSt
005 20220924153245.0
006 a|||||r|||| 00| 0
007 ta
008 220923b |||||||| |||| 00| 0 guj d
024 _a347420
037 _cTextual
040 _aARTS
_cARTS
_bguj
041 _2guj
_aguj
082 _aV236.N5, 156J6
100 _aPetalikar
245 0 _aMahagujarat na nir kshir
260 _c1956
650 _aHISTORY
942 _hV236.N5, 156J6
_cTEXL
_2CC
999 _c472902
_d472902